|
|
|
|
| LEADER |
00000nam0a2200000 4500 |
| 001 |
235689 |
| 005 |
20231101231422.0 |
| 010 |
|
|
|a 9785900631172
|
| 035 |
|
|
|a (RuTPU)RU\TPU\book\256829
|
| 090 |
|
|
|a 235689
|
| 100 |
|
|
|a 20130415d2013 k y0rusy50 ca
|
| 101 |
1 |
|
|a rus
|c eng
|
| 102 |
|
|
|a RU
|
| 105 |
|
|
|a a fl 001zy
|
| 200 |
1 |
|
|a Коррозия и защита от коррозии
|e энциклопедия международных стандартов
|e пер. с англ.
|f Г. С. Фомин
|
| 205 |
|
|
|a 3-е изд., перераб. и доп.
|
| 210 |
|
|
|a Москва
|c Протектор
|d 2013
|
| 215 |
|
|
|a 714 с.
|c ил.
|
| 225 |
1 |
|
|a Международные стандарты - народному хозяйству России
|
| 320 |
|
|
|a Библиогр.: с. 689-701.
|
| 330 |
|
|
|a Книга посвящена вопросам разработки и практики применения международных стандартов ИСО и МЭК по коррозии. В третьем издании на русском языке (первое издание - 1994 г., второе издание - 1999 г.) наряду с новыми данными в книгу внесены дополнения и исправления по предложению редакторов японского (Токио, 1998 г.) и английского изданий (Лондон, 2003 г.). Показаны современные приоритеты и тенденции развития международной стандартизации во взаимосвязи с национальными стандартами ведущих стран. Для специалистов материаловедческих НИИ, гальваников, химиков, металлургов, инженеров-коррозионистов, инженеров-конструкторов отраслей промышленности.
|
| 606 |
1 |
|
|a Материалы
|x Коррозионная стойкость
|x Коррозия
|2 stltpush
|3 (RuTPU)RU\TPU\subj\41279
|9 61083
|
| 610 |
1 |
|
|a международная стандартизация
|
| 610 |
1 |
|
|a региональная стандартизация
|
| 610 |
1 |
|
|a менеджмент
|
| 610 |
1 |
|
|a термины
|
| 610 |
1 |
|
|a классификация
|
| 610 |
1 |
|
|a каталогизация
|
| 610 |
1 |
|
|a окружающая среда
|
| 610 |
1 |
|
|a коррозивность
|
| 610 |
1 |
|
|a коррозионные испытания
|
| 610 |
1 |
|
|a защитная способность
|
| 610 |
1 |
|
|a оценка
|
| 610 |
1 |
|
|a атмосферные условия
|
| 610 |
1 |
|
|a водные среды
|
| 610 |
1 |
|
|a почва
|
| 610 |
1 |
|
|a искусственные среды
|
| 610 |
1 |
|
|a электролиты
|
| 610 |
1 |
|
|a погружение
|
| 610 |
1 |
|
|a местная коррозия
|
| 610 |
1 |
|
|a электрохимические испытания
|
| 610 |
1 |
|
|a защитные покрытия
|
| 610 |
1 |
|
|a контроль
|
| 610 |
1 |
|
|a анодно-окисные покрытия
|
| 610 |
1 |
|
|a стекло-эмалевые покрытия
|
| 610 |
1 |
|
|a временная защита
|
| 610 |
1 |
|
|a ингибиторы
|
| 610 |
1 |
|
|a электрохимическая защита
|
| 610 |
1 |
|
|a микробная коррозия
|
| 610 |
1 |
|
|a биоповреждения
|
| 610 |
1 |
|
|a защитные мероприятия
|
| 610 |
1 |
|
|a ядерная энергетика
|
| 610 |
1 |
|
|a строительство
|
| 610 |
1 |
|
|a медицина
|
| 610 |
1 |
|
|a нефтяная промышленность
|
| 610 |
1 |
|
|a трубопроводы
|
| 610 |
1 |
|
|a стандарты
|
| 610 |
1 |
|
|a применение
|
| 610 |
1 |
|
|a энциклопедии
|
| 675 |
|
|
|a 620.193(031)
|v 3
|
| 700 |
|
1 |
|a Фомин
|b Г. С.
|g Геннадий Сергеевич
|
| 801 |
|
1 |
|a RU
|b 63413507
|c 20130415
|
| 801 |
|
2 |
|a RU
|b 63413507
|c 20150217
|g RCR
|
| 942 |
|
|
|c BK
|
| 959 |
|
|
|a 76/20130415
|d 1
|e 3500,00
|f ЧЗТЛ:1
|